000 00803nam a2200253 a 4500
001 000047446
003 DO-SdBNP
005 20240412074306.0
007 ta
008 180529s2016 dr a 000 p spa d
020 _a9789945082883
040 _aDO-SdBNP
_bspa
_cBNPHU
082 4 _222
_aRD861.44
_bE56c 2016
100 1 _aEncarnación Antuna, César Bolívar,
_d1962-
_972805
245 1 0 _aCubin Loasto & otros poemas :
_b(poesía mística) /
_cCésar Bolívar Encarnación Antuna.
250 _a2a. ed.
260 _aBonao, República Dominicana :
_bImpresos Gutenberg,
_c2016.
300 _a153 p. ;
_c21 cm.
590 _aInventariado, 2018/DG
650 1 4 _aPoesía dominicana
_966
650 1 0 _aLiteratura dominicana.
_967
910 _aValidado. Control de calidad MFF
942 _2ddc
_cLBS1
999 _c46934
_d46934